| 000 | 00799nam a22002297a 4500 | ||
|---|---|---|---|
| 999 |
_c20266 _d20266 |
||
| 003 | AR-CdUCM | ||
| 008 | 190528b ||||| |||| 00| 0 spa d | ||
| 020 | _a9972-2851-8-9 | ||
| 040 |
_aMUNICIPALIDAD PROVINCIAL DEL CUSCO _cBIBLIOTECA MUNICIPAL DEL CUSCO |
||
| 082 |
_a530.076 / _bA7 _22ed. |
||
| 110 |
_aAsociación Fondo de Investigadores y Editores (Lima) _942354 |
||
| 245 |
_aFísica: _bUna visión analítica del movimiento / |
||
| 260 |
_aLima : _bLumbreras Editores, _c2006. |
||
| 300 |
_a1027páginas _c22 cm. _bGraficos. |
||
| 505 | _aContenido: Introducción a la física -- Análisis vectorial -- Cinemática... | ||
| 650 |
_aFísica _92382 |
||
| 650 |
_aProblemas _99246 |
||
| 650 |
_aEjercicios _919599 |
||
| 650 |
_aCinemática _93280 |
||
| 942 |
_2ddc _cLIBROS |
||
| 945 | _aJavier | ||